000 01655nam a2200361 c 4500
003 BLK
005 20240105114427.0
008 180408b bul|||||r ||||||| ||bul||
010 _aKNG00083855000
020 _a978-954-761-276-1
_bиздат.: ИнфоДар
040 _aBLK
041 _aBUL
_cBUL
080 _aРуска литература
_b821.161.1
_x-312.4
_z821.161.1-312.4
100 1 _aДонцова, Даря
_eпърви автор
_gДонцова, Агрипина Аркадиевна
_9294181
700 1 _aМеламед, Галина Нисим
_eпрев. от рус.
_9365204
700 1 _aДонцова, Агрипина Аркадиевна
_e*
_9292807
139 _aДонцова, Даря
_bД 77
245 1 0 _aСтрихнин и йоркширски териери
_bРоман
_cДаря Донцова; прев. от рус. Галина Нисим Меламед; * Агрипина Аркадиевна Донцова.
257 _aRUS
260 София
_bИнфоДар
_c2007
300 _a516 с.
_c17 см
380 _aX
490 1 _aИроничен детектив : Любителски детектив Даша Василева
_v4
500 _aОриг. загл. Дама с коготками / Д. Донцова. - Истинското име на авт. е Агрипина Аркадиевна Донцова. - Офс. изд.
653 _aкрими
653 _aромани
852 _aЦб І 33032
856 4 _qpdf
_u
856 4 _qpdf
_u
942 _cKNG
_n0
_09
944 _aCR
_c21.05.2008
_k30530
_lМинев Младен
944 _aED
_c10.09.2009
_k
999 _c79381
_d79381